00261 a2200121 4500001000700000020001500007040003500022100001800057240002600075245002100101300000800122362000900130153642 a8500907037 cEscola São Tomás de Aquino aBARRETO, Lima10aClara dos anjos lpor10aClara dos anjos  a1550 a1996